000 00557nam a2200169 a 4500
008 120416s1974 ||||||||||||||||| || u
020 _a0584100574
050 _aT 212 CAR
100 _aCarter, E. F
245 1 0 _aDictionary of inventions and discoveries. (2nd ed.)
250 _a2nd ed.
260 _aLondon
_bFrederick Muller
_c1974
300 _aviii, 208p.
350 _a0.00
650 _aInventions - Dictionaries
995 _D0.00
_FCBU-MAIN LIBRARY (Kitwe)
_H1
_I12.00
_M1
_UREFERENCE
_ZReference Collection
999 _c40096
_d40096